000 00876nam a2200265Ia 4500
003 OSt
005 20220918171044.0
006 a|||||r|||| 00| 0
007 ta
008 220917b |||||||| |||| 00| 0 eng d
020 _a9781138363519 (hbk)
_cINR 1095.00
024 _a348,361
037 _b107, 06/02/2019, Classic Book Service
_cTextual
040 _aARTS
_cARTS
_beng
041 _2eng
_aeng
082 _aO111,3N47:g, Q8
100 _aMishra Vijay Au.
_933670
245 0 _aAnnotating salman rushdie
_b reading the postcolonial
260 _aLondon
_bRoutledge UK
_c2018
300 _axxii,366p.
_ccm.
490 _aLiterary cultures of the global south
650 _aENGLISH FICTION; ENGLISH LITERATURE
_912759
942 _hO111,3N47:g, Q8
_cTEXL
_2CC
999 _c137602
_d137602